[Event "22nd Open"]
[Site "Cappelle la Grande FRA"]
[Date "2006.02.22"]
[Round "6"]
[White "Van Hoolandt,P"]
[Black "Escobar Forero,A"]
[Result "1-0"]
[WhiteElo "2174"]
[BlackElo "2425"]
[EventDate "2006.02.18"]

1. d4 d6 2. Nf3 Nf6 3. c4 Nbd7 4. Nc3 e5 5. e4 Be7 6. Be2 O-O 7. O-O c6 8.
Rb1 a5 9. b3 Re8 10. Re1 Qc7 11. a3 Nf8 12. d5 c5 13. Qc2 Ng6 14. g3 Rf8
15. Nd2 Qd7 16. Nf1 Ng4 17. f3 Nf6 18. Ne3 Bd8 19. Nb5 Ne8 20. Bd3 Ne7 21.
f4 exf4 22. gxf4 Ng6 23. Nf5 Bf6 24. Kh1 Qd8 25. Ng3 Nc7 26. Nc3 Re8 27.
Nce2 Bg4 28. Bd2 Nh4 29. Ng1 Bd4 30. Be3 Bf3+ 31. Nxf3 Nxf3 32. Re2 Bxe3
33. Rxe3 Nd4 34. Qf2 a4 35. b4 cxb4 36. Rxb4 Na6 37. Rxb7 Nc5 38. Rb4 Qh4
39. Bb1 Ndb3 40. e5 dxe5 41. fxe5 g6 42. Ne4 Qxf2 43. Nxf2 Re7 44. Nd3 Kg7
45. Nxc5 Nxc5 46. Bc2 Kh6 47. Kg2 f5 48. Rb5 Rc8 49. d6 Rd7 50. Rb6 f4 51.
Re1 Rf7 52. e6 Nxe6 53. Rxe6 Rxc4 54. Be4 Rc3 55. Rc6 Rxa3 56. Re7 f3+ 57.
Kf2 Rf8 58. d7 Ra2+ 59. Rc2 Rxc2+ 60. Bxc2 a3 61. Re8 a2 62. Rxf8 a1=Q 63.
d8=Q Qa2 64. Qd2+ 1-0

[Event "22nd Open"]
[Site "Cappelle la Grande FRA"]
[Date "2006.02.22"]
[Round "6"]
[White "Kveinys,A"]
[Black "Tomczak,J"]
[Result "1-0"]
[WhiteElo "2517"]
[BlackElo "2357"]
[EventDate "2006.02.18"]

1. e4 d5 2. exd5 Nf6 3. d4 Bg4 4. Nf3 Qxd5 5. Be2 Nc6 6. h3 Bxf3 7. Bxf3
Qe6+ 8. Be3 Nd5 9. Qe2 g6 10. Nc3 Nxc3 11. bxc3 Bg7 12. Rb1 Nd8 13. O-O c6
14. c4 O-O 15. Rfd1 Qd6 16. c5 Qc7 17. Qc4 Rb8 18. a4 Re8 19. Re1 Kf8 20.
Re2 Ne6 21. g3 Bf6 22. Bg2 Ng7 23. f4 Nf5 24. Bf2 e6 25. c3 Ne7 26. Reb2
Red8 27. a5 a6 28. Qa2 h5 29. h4 Nd5 30. Rb3 Kg7 31. Bf1 Re8 32. R1b2 Red8
33. Be2 Re8 34. Be1 Red8 35. Bd2 Ne7 36. Kg2 Re8 37. Qb1 Red8 38. Rxb7 Rxb7
39. Rxb7 Qxa5 40. Ra7 Rb8 41. Qxb8 Qa2 42. Ra8 Kh7 43. Qe8 Qxd2 44. Qxf7+
Kh6 45. Qxe6 Nf5 46. Rg8 Ne3+ 47. Kf3 Nf5 48. Kf2 Bg7 49. Rxg7 Kxg7 50. d5
Kh7 51. Qe5 cxd5 52. c6 d4 53. c7 Qxc3 54. Bd3 Qxd3 55. c8=Q Qxg3+ 56. Ke2
Qg2+ 57. Ke1 Qg1+ 58. Kd2 Qf2+ 59. Kc1 Qf1+ 60. Kb2 Qf2+ 61. Qc2 1-0

[Event "22nd Open"]
[Site "Cappelle la Grande FRA"]
[Date "2006.02.22"]
[Round "6"]
[White "Shaw,J"]
[Black "Bagheri,A"]
[Result "1/2-1/2"]
[WhiteElo "2432"]
[BlackElo "2521"]
[EventDate "2006.02.18"]

1. e4 c6 2. d4 d5 3. Nd2 dxe4 4. Nxe4 Nd7 5. Ng5 Ngf6 6. Bd3 e6 7. N1f3 Bd6
8. Qe2 h6 9. Ne4 Nxe4 10. Qxe4 Qc7 11. O-O c5 12. Re1 Kf8 13. c3 Rb8 14.
Ne5 Nxe5 15. dxe5 Be7 16. Re3 b5 17. Rg3 c4 18. Bc2 Bb7 19. Qg4 g5 20. Qe2
Rd8 21. f4 Rd5 22. Be4 Rd7 23. Bxb7 gxf4 24. Bxf4 Qxb7 25. Qg4 Ke8 26. Qg7
Rf8 27. Bxh6 Qd5 28. Rf1 Bc5+ 29. Kh1 f5 30. Qg6+ Rff7 31. Qg8+ Bf8 32. Rg6
Rde7 33. Qh8 Rd7 34. Rg8 Qc5 35. Bxf8 Rxf8 36. Qf6 Rxg8 37. Qxe6+ Kd8 38.
Qxg8+ Kc7 39. Qg3 Rd2 40. e6+ Qd6 41. Qe3 Rd1 42. Qxa7+ Kd8 43. Rxd1 Qxd1+
44. Qg1 Qd2 45. h3 Ke7 46. Qc5+ Kxe6 47. Qc6+ Ke7 48. Qc7+ Kf6 49. Qb6+ Kf7
50. a4 Qc1+ 51. Qg1 Qxb2 52. axb5 Qxc3 53. b6 Qb2 54. Qc5 Qc1+ 55. Kh2 Qf4+
56. Kg1 Qc1+ 57. Kh2 Qf4+ 58. Kg1 Qc1+ 59. Kf2 Qf4+ 60. Ke2 Qe4+ 1/2-1/2

[Event "22nd Open"]
[Site "Cappelle la Grande FRA"]
[Date "2006.02.22"]
[Round "6"]
[White "Kaplan,S"]
[Black "Nijboer,F"]
[Result "0-1"]
[WhiteElo "2331"]
[BlackElo "2571"]
[EventDate "2006.02.18"]

1. e4 c5 2. Nf3 d6 3. d4 cxd4 4. Nxd4 Nf6 5. Nc3 Nc6 6. Be2 e5 7. Nf3 h6 8.
O-O Be7 9. Re1 O-O 10. h3 Be6 11. Bf1 Nb8 12. b3 a6 13. a4 Nbd7 14. Bb2 Rc8
15. Nd2 Nc5 16. Nc4 Ncxe4 17. Nxe4 Nxe4 18. Rxe4 d5 19. Re3 dxc4 20. Bxe5
Qxd1 21. Rxd1 cxb3 22. cxb3 Rfd8 23. Rxd8+ Rxd8 24. Bd3 Bc5 25. Rg3 f6 26.
Bb2 Kf8 27. Bc4 Bxc4 28. bxc4 Rd1+ 29. Kh2 Bxf2 30. Ba3+ Kg8 31. Rb3 b6 32.
g4 a5 33. Kg2 Bd4 34. Kf3 Kf7 35. Ke4 Bg1 36. Rd3 Rxd3 37. Kxd3 g6 38. Bc1
h5 39. gxh5 gxh5 40. Ke4 Ke6 41. Kf4 Bc5 42. Bd2 Bf8 43. Ke4 f5+ 44. Kf3
Ke5 45. Bc3+ Ke6 46. Kf4 Bd6+ 47. Kf3 Be5 48. Bd2 Kd6 49. Be3 Kc6 50. Bf2
Bd6 51. Bd4 Bc5 52. Bg7 Be7 53. Bd4 Bg5 54. Bf2 Bc1 55. Bd4 f4 56. h4 Be3
57. Bxe3 fxe3 58. Kxe3 Kc5 59. Kf4 Kb4 60. Kg5 Kxa4 0-1

[Event "22nd Open"]
[Site "Cappelle la Grande FRA"]
[Date "2006.02.22"]
[Round "6"]
[White "Vazquez,R"]
[Black "Kulakov,V"]
[Result "1-0"]
[WhiteElo "2513"]
[BlackElo "2237"]
[EventDate "2006.02.18"]

1. d4 d5 2. c4 e6 3. Nc3 Nf6 4. cxd5 exd5 5. Bg5 Be7 6. e3 c6 7. Bd3 Bg4 8.
f3 Bh5 9. Nge2 Bg6 10. O-O Bxd3 11. Qxd3 Na6 12. Ng3 h6 13. Bf4 O-O 14. Nf5
Nh5 15. Be5 f6 16. Bg3 Nxg3 17. hxg3 Rf7 18. a3 Bf8 19. g4 Nc7 20. Rae1 Ne8
21. e4 dxe4 22. Nxe4 g6 23. Ne3 Kh7 24. Rd1 Nc7 25. Qb3 Kg7 26. Rfe1 Nd5
27. Nc5 Bxc5 28. dxc5 Rd7 29. Nxd5 cxd5 30. Qa4 Qc7 31. Qd4 b6 32. cxb6
Qxb6 33. Qxb6 axb6 34. Re6 Rb8 35. Rd4 Kf7 36. Rc6 Ke7 37. Rf4 d4 38. Rcxf6
Rbd8 39. Kf2 d3 40. Rf7+ Ke6 41. Rxd7 Rxd7 42. Re4+ Kf7 43. Ke1 Rc7 44. Rb4
Rc2 45. g3 Re2+ 46. Kd1 Re3 47. Rf4+ Kg7 48. a4 Re2 49. Rb4 Re3 50. Rxb6
Rxf3 51. a5 Rxg3 52. a6 Rg1+ 53. Kd2 Ra1 54. b4 h5 55. g5 Kf7 56. Rf6+ Kg7
57. Kxd3 h4 58. b5 1-0

[Event "22nd Open"]
[Site "Cappelle la Grande FRA"]
[Date "2006.02.22"]
[Round "6"]
[White "Sakelsek,T"]
[Black "Kurnosov,I"]
[Result "1/2-1/2"]
[WhiteElo "2418"]
[BlackElo "2517"]
[EventDate "2006.02.18"]

1. e4 c5 2. Nf3 d6 3. d4 cxd4 4. Nxd4 Nf6 5. Nc3 a6 6. Be3 e6 7. f3 b5 8.
Qd2 b4 9. Nce2 e5 10. Nb3 Nc6 11. g4 h6 12. Ng3 Be6 13. O-O-O Qc7 14. Kb1
a5 15. h4 a4 16. Nc1 d5 17. Bb5 d4 18. Bf2 Qb6 19. Qe2 Ra5 20. Bc4 Bxc4 21.
Qxc4 Qb5 22. Qxb5 Rxb5 23. Nd3 Nd7 24. Ne2 Nc5 25. Nec1 Ne6 26. b3 a3 27.
Ne2 Bd6 28. Bg3 Kd7 29. Rhe1 f6 30. Rh1 Rc8 31. Be1 Nc5 32. Nec1 Ne6 33.
Ne2 Rb7 34. Rh2 Na7 35. Nec1 Ke7 36. Bd2 Kf7 37. Rg1 Nc6 38. Rgg2 Rh8 39.
Ne2 Rbb8 40. Rg1 Rhe8 41. Rhg2 Be7 42. Rf1 Rbc8 43. Rgf2 Nc7 44. Rg2 Nb5
45. Rfg1 Nc3+ 46. Bxc3 dxc3 47. Rd1 Rcd8 48. Rgg1 Rd7 49. Nf2 Red8 50. Rxd7
Rxd7 51. Nd3 Bd8 52. h5 Bb6 53. Rf1 Be3 54. Rh1 Rd8 55. Rd1 Ke6 56. Ng3 Bd2
57. Nf5 Kf7 58. Rf1 Bf4 1/2-1/2

[Event "22nd Open"]
[Site "Cappelle la Grande FRA"]
[Date "2006.02.22"]
[Round "6"]
[White "Caffenne,P"]
[Black "Yandemirov,V"]
[Result "0-1"]
[WhiteElo "2066"]
[BlackElo "2503"]
[EventDate "2006.02.18"]

1. e4 e5 2. Nf3 Nc6 3. Bb5 a6 4. Bxc6 dxc6 5. O-O f6 6. d4 exd4 7. Nxd4 c5
8. Ne2 Qxd1 9. Rxd1 Bd7 10. Nbc3 O-O-O 11. Bf4 Ne7 12. Rd2 Be6 13. Rxd8+
Kxd8 14. Rd1+ Kc8 15. Nd5 Nxd5 16. exd5 Bf5 17. c4 Kd7 18. Nc3 Bd6 19. Bxd6
cxd6 20. f3 Rb8 21. g4 Bg6 22. f4 f5 23. g5 b5 24. cxb5 axb5 25. a4 bxa4
26. Ra1 Rxb2 27. Rxa4 Rb7 28. Ra8 Be8 29. Kf2 Ke7 30. Ke3 Rb3 31. Ra7+ Bd7
32. Kd3 Kd8 33. Kc2 Rb4 34. Ra8+ Bc8 35. Ra7 Bb7 36. Na2 Rb6 37. Nc3 Kc7
38. Ra1 Rb4 39. Re1 Kd7 40. Rb1 Rxb1 41. Kxb1 Ba6 42. Kc2 Bc4 43. Kb2 Kc7
44. Ka3 Kb6 45. Ka4 Ka6 46. h3 Kb6 47. Ka3 Ka5 48. h4 g6 49. Kb2 Kb4 50.
Kc2 Bf1 51. Nd1 Bg2 52. Ne3 Be4+ 53. Kd2 Kb3 54. Ke1 Kc3 55. Nf1 Bxd5 56.
Ne3 Bf3 57. Nf1 d5 0-1

[Event "22nd Open"]
[Site "Cappelle la Grande FRA"]
[Date "2006.02.22"]
[Round "6"]
[White "Peng Zhaoqin"]
[Black "Kieffer,C"]
[Result "0-1"]
[WhiteElo "2407"]
[BlackElo "2183"]
[EventDate "2006.02.18"]

1. d4 g6 2. c4 Nf6 3. Nc3 Bg7 4. e4 d6 5. Be2 O-O 6. Bg5 c5 7. dxc5 Qa5 8.
Qd2 dxc5 9. Nf3 Nc6 10. O-O Bg4 11. Qf4 Bxf3 12. Bxf3 Nd7 13. Bh6 Nde5 14.
Bxg7 Kxg7 15. Be2 Qb4 16. Rab1 e6 17. Rfc1 Rad8 18. Bf1 Rd7 19. Nd5 Qa5 20.
Qf6+ Kg8 21. Rc3 Qd8 22. Qf4 f6 23. Ne3 Rd4 24. Qg3 Rxe4 25. f4 Nf7 26. Bd3
Nd6 27. Qh3 f5 28. Bxe4 Nxe4 29. Rd1 Nd4 30. Ra3 Qb6 31. Rb3 Nxb3 32. axb3
Rd8 33. Qf3 Rd4 34. Nc2 Rxd1+ 35. Qxd1 Qd6 36. Qxd6 Nxd6 37. Kf2 Ne4+ 38.
Ke3 a5 39. Ne1 Kf7 40. Nd3 Ke7 41. g4 b6 42. g5 Nd6 43. h4 Nf7 44. Nc1 Nd8
45. Ne2 Nc6 46. Nc3 Kd7 47. Nb5 Nd4 48. Nxd4 cxd4+ 49. Kd3 Kc6 50. Kxd4 Kd6
51. Kc3 e5 52. fxe5+ Kxe5 53. b4 axb4+ 54. Kxb4 Kd4 0-1

[Event "22nd Open"]
[Site "Cappelle la Grande FRA"]
[Date "2006.02.22"]
[Round "6"]
[White "Svetushkin,D"]
[Black "Hansen,TR"]
[Result "1-0"]
[WhiteElo "2557"]
[BlackElo "2323"]
[EventDate "2006.02.18"]

1. d4 Nf6 2. c4 e6 3. Nf3 Bb4+ 4. Nbd2 b6 5. a3 Bxd2+ 6. Bxd2 Bb7 7. Bg5 h6
8. Bh4 d6 9. e3 Nbd7 10. Qc2 Qe7 11. Rd1 g5 12. Bg3 Ne4 13. d5 Ndf6 14. Nd4
e5 15. Ne2 Bc8 16. f3 Nxg3 17. Nxg3 e4 18. fxe4 Ng4 19. Be2 Ne5 20. O-O g4
21. Rf4 Qg5 22. Rdf1 Bd7 23. b4 h5 24. Qc3 a5 25. c5 h4 26. Nf5 axb4 27.
axb4 Bxf5 28. Rxf5 Qg7 29. Kh1 bxc5 30. bxc5 Rh6 31. cxd6 cxd6 32. Rxe5+
dxe5 33. Qc5 f5 34. d6 Rd8 35. Rxf5 Rhxd6 36. Bb5+ Ke7 37. Rf1 g3 38. Qc7+
R8d7 39. Bxd7 Rxd7 40. Qc5+ Ke8 41. Ra1 Qf6 42. Qc8+ Qd8 43. Qc6 Ke7 44.
Rf1 Rd6 45. Qc5 Ke6 46. Qc4+ Kd7 47. Qb5+ Ke6 48. Qb3+ Kd7 49. Qb7+ Qc7 50.
Qb5+ Qc6 51. Qxe5 Re6 52. Qg7+ Kd8 53. Qh8+ 1-0

[Event "22nd Open"]
[Site "Cappelle la Grande FRA"]
[Date "2006.02.22"]
[Round "6"]
[White "Panczyk,K"]
[Black "Broekman,W"]
[Result "1/2-1/2"]
[WhiteElo "2347"]
[BlackElo "2128"]
[EventDate "2006.02.18"]

1. d4 d5 2. c4 e6 3. Nc3 Nf6 4. Bg5 Nbd7 5. e3 c6 6. cxd5 exd5 7. Bd3 Be7
8. Qc2 O-O 9. Nf3 Re8 10. O-O Nf8 11. Rab1 g6 12. b4 a6 13. a4 Ne6 14. Bh4
Ng7 15. b5 axb5 16. axb5 Bf5 17. bxc6 Bxd3 18. Qxd3 bxc6 19. Ne5 Rc8 20.
Qa6 Nf5 21. Bg5 h6 22. Bf4 Bd6 23. Rb7 Bxe5 24. Bxe5 Ng4 25. Bf4 g5 26. Bg3
Nxg3 27. hxg3 Rc7 28. Rxc7 Qxc7 29. Rc1 Qd6 30. Nd1 Re6 31. Qc8+ Kg7 32.
Rb1 Nf6 33. Rb7 Re8 34. Qc7 Qxc7 35. Rxc7 Ra8 36. Kf1 Ra1 37. Ke2 Ra2+ 38.
Ke1 Rc2 39. Rb7 Ne4 40. Rb2 Rc1 41. g4 Kf6 42. f3 Nd6 43. Kd2 Ra1 44. Rc2
Nc4+ 45. Ke2 Ke6 46. e4 Ra3 47. Nc3 dxe4 48. fxe4 Kd7 49. Nb1 Rb3 50. Rxc4
Rxb1 51. Ra4 Rb2+ 52. Kf3 Rd2 53. Ra7+ 1/2-1/2

[Event "22nd Open"]
[Site "Cappelle la Grande FRA"]
[Date "2006.02.22"]
[Round "6"]
[White "Housieaux,D"]
[Black "Radulski,J"]
[Result "1/2-1/2"]
[WhiteElo "2317"]
[BlackElo "2515"]
[EventDate "2006.02.18"]

1. d4 d5 2. c4 e6 3. Nf3 Nf6 4. g3 Be7 5. Bg2 O-O 6. O-O dxc4 7. Qc2 a6 8.
Qxc4 b5 9. Qc2 Bb7 10. Bd2 Be4 11. Qc1 Qc8 12. Bg5 c5 13. dxc5 Qxc5 14.
Qxc5 Bxc5 15. Nbd2 Bd5 16. Rac1 Nbd7 17. Bxf6 gxf6 18. Ne1 Bxg2 19. Kxg2
Bd4 20. Nd3 Ne5 21. Nxe5 Bxe5 22. Rc2 f5 23. Nf3 Bf6 24. Rfc1 Rfd8 25. Ne1
Bg5 26. f4 Be7 27. Nd3 Bd6 28. Rc6 Kf8 29. Rb6 Ke7 30. Rcc6 f6 31. Rxa6
Rxa6 32. Rxa6 e5 33. Ra7+ Ke6 34. fxe5 fxe5 35. Rxh7 e4 36. Nf4+ Bxf4 37.
gxf4 Rd2 38. Kf2 Rxb2 39. Rb7 Rxa2 40. Rxb5 Ra3 41. Rb6+ Kf7 42. Rh6 Kg7
43. Rh5 Kf6 44. Rg5 Rh3 45. Kg1 Re3 46. Rg2 Kf7 47. h4 Rh3 48. Rh2 Rxh2 49.
Kxh2 Kg6 50. Kg2 Kh6 51. Kf2 Kh5 52. Kg3 Kh6 53. Kf2 1/2-1/2

[Event "22nd Open"]
[Site "Cappelle la Grande FRA"]
[Date "2006.02.22"]
[Round "6"]
[White "Porat,S"]
[Black "Nalbandian,T"]
[Result "1/2-1/2"]
[WhiteElo "2444"]
[BlackElo "2524"]
[EventDate "2006.02.18"]

1. d4 Nf6 2. c4 g6 3. Nc3 Bg7 4. e4 d6 5. Nf3 O-O 6. Be2 e5 7. O-O Na6 8.
Re1 c6 9. d5 Nc5 10. Qc2 cxd5 11. cxd5 Qc7 12. Nd2 Bd7 13. a4 Rfc8 14. Nc4
Nxa4 15. Rxa4 b5 16. Rb4 bxc4 17. Rxc4 Qb7 18. Bd2 Rxc4 19. Bxc4 Nh5 20.
Ra1 f5 21. Ra6 Bf8 22. b3 Nf6 23. Qa2 f4 24. Be1 g5 25. f3 g4 26. Bh4 Kf7
27. Bxf6 Kxf6 28. fxg4 Kg5 29. Qf2 Qb4 30. Na4 Bxg4 31. Nb2 Qc3 32. Nd3 Rc8
33. Ne1 Qe3 34. h3 Bh5 35. h4+ Kf6 36. Qxe3 fxe3 37. Rxa7 Bg6 38. Nf3 h6
39. Kf1 Bxe4 40. Ke2 Bc2 41. g4 Rb8 42. Kxe3 Bxb3 43. Nd2 Bc2 44. Bd3 Bxd3
45. Kxd3 Kg6 46. Ne4 h5 47. gxh5+ Kxh5 48. Rh7+ Kg6 49. Rd7 Rb4 50. Nxd6
Rd4+ 51. Ke2 Rxd5 52. Nc4 1/2-1/2

[Event "22nd Open"]
[Site "Cappelle la Grande FRA"]
[Date "2006.02.22"]
[Round "6"]
[White "Przezdziecka,M"]
[Black "Moranda,W"]
[Result "1/2-1/2"]
[WhiteElo "2202"]
[BlackElo "2445"]
[EventDate "2006.02.18"]

1. d4 Nf6 2. Nf3 c5 3. d5 e6 4. Nc3 d6 5. e4 exd5 6. Nxd5 Be7 7. Nxf6+ Bxf6
8. c3 Qe7 9. Bb5+ Nc6 10. O-O O-O 11. Re1 Bg4 12. h3 Bh5 13. g4 Bg6 14. g5
Be5 15. Nh4 Bxe4 16. f3 Qe6 17. Rxe4 Qxh3 18. Qe2 d5 19. Rg4 Rfe8 20. Qg2
Qxg2+ 21. Rxg2 d4 22. Bxc6 bxc6 23. f4 Bc7 24. Nf3 Re4 25. f5 Rb8 26. c4 a5
27. Rb1 d3 28. Bd2 Rxc4 29. Re1 Kf8 30. Bc3 Rd8 31. g6 hxg6 32. fxg6 f6 33.
Nd2 Rf4 34. Re4 a4 35. Rxf4 Bxf4 36. Rg4 Bxd2 37. Bxd2 Rb8 38. Bc3 Rxb2 39.
Rxa4 d2 40. Ra8+ Ke7 41. Ra7+ Kd6 42. Bxd2 Rxd2 43. Rxg7 Rxa2 44. Rf7 Ke6
45. Rc7 Ra8 46. Rxc6+ Kd5 47. Rxf6 c4 48. Kf2 c3 49. Ke2 1/2-1/2

[Event "22nd Open"]
[Site "Cappelle la Grande FRA"]
[Date "2006.02.22"]
[Round "6"]
[White "Paleologu,V"]
[Black "Schoen,Wo"]
[Result "1-0"]
[WhiteElo "2161"]
[BlackElo "2415"]
[EventDate "2006.02.18"]

1. e4 e5 2. Nf3 Nc6 3. Bc4 Bc5 4. c3 Nf6 5. Qe2 d6 6. d3 a6 7. Nbd2 O-O 8.
Nf1 h6 9. h3 Be6 10. Bb3 Qd7 11. g4 Nh7 12. Ng3 Bxb3 13. axb3 d5 14. g5
hxg5 15. Bxg5 Nxg5 16. Nxg5 f6 17. Nf3 Ne7 18. Nh4 g6 19. b4 Bb6 20. Ngf5
Nxf5 21. exf5 g5 22. Qg4 Rf7 23. Ng6 Rg7 24. Rg1 Re8 25. h4 d4 26. c4 e4
27. O-O-O Qa4 28. c5 a5 29. Rge1 Qa1+ 30. Kc2 Qa4+ 31. Kc1 axb4 32. Rxe4
Bxc5 33. Rxe8+ Qxe8 34. hxg5 Qc6 35. Qe4 Qxe4 36. dxe4 fxg5 37. Kc2 Rd7 38.
Kd3 Rh7 39. Kc4 b6 40. Kd5 d3 41. Ke6 Rh3 42. f6 Kh7 43. Ne5 Bd4 44. Nxd3
Kg6 45. Nf4+ gxf4 46. Rxd4 Rh8 47. Rd7 Re8+ 48. Re7 Rf8 49. Rg7+ Kh6 1-0

[Event "22nd Open"]
[Site "Cappelle la Grande FRA"]
[Date "2006.02.22"]
[Round "6"]
[White "Ivanov,Sergey1"]
[Black "Rudolph,Joh"]
[Result "1-0"]
[WhiteElo "2541"]
[BlackElo "2314"]
[EventDate "2006.02.18"]

1. d4 d5 2. c4 c6 3. Nc3 Nf6 4. e3 g6 5. Nf3 Bg7 6. Bd3 O-O 7. O-O Bg4 8.
h3 Bxf3 9. Qxf3 dxc4 10. Bxc4 Nbd7 11. Rd1 Qc7 12. Bd2 e5 13. Rac1 Nb6 14.
Bb3 Qe7 15. dxe5 Qxe5 16. e4 Rad8 17. Bf4 Qe7 18. e5 Nh5 19. Rxd8 Rxd8 20.
Bh2 Nd7 21. Rd1 Bxe5 22. Qxf7+ Qxf7 23. Bxe5 Qxb3 24. axb3 Re8 25. Rxd7
Rxe5 26. Rxb7 a5 27. g3 Nf6 28. Rc7 Nd5 29. Rxc6 Nxc3 30. Rxc3 Re2 31. b4
axb4 32. Rb3 Re4 33. Re3 Rc4 34. Re8+ Kf7 35. Rb8 g5 36. Kg2 h5 37. Kf3 h4
38. b3 Rc3+ 39. Kg4 Rxb3 40. Rb5 Rb2 41. Kxg5 hxg3 42. fxg3 Rb3 43. Kf4 Rb1
44. h4 b3 45. Kg5 b2 46. g4 Kf8 47. h5 Kf7 48. Rb7+ 1-0

[Event "22nd Open"]
[Site "Cappelle la Grande FRA"]
[Date "2006.02.22"]
[Round "6"]
[White "Rodriguez Guerrero,E"]
[Black "Neverov,V"]
[Result "1/2-1/2"]
[WhiteElo "2464"]
[BlackElo "2554"]
[EventDate "2006.02.18"]

1. e4 c5 2. Nf3 e6 3. d4 cxd4 4. Nxd4 a6 5. Be2 Nf6 6. Nc3 Qc7 7. O-O Bc5
8. Kh1 Nc6 9. Nxc6 bxc6 10. f4 d5 11. e5 Nd7 12. Bd3 O-O 13. Na4 Be7 14. c4
dxc4 15. Bxc4 Nb6 16. Nxb6 Qxb6 17. Qe2 c5 18. Bd2 Bb7 19. Bc3 Rad8 20. f5
exf5 21. Rxf5 Bd5 22. e6 Qxe6 23. Re5 Bxc4 24. Rxe6 Bxe2 25. Rxe7 Bc4 26.
Kg1 h6 27. a3 Rd5 28. Rae1 Rfd8 29. Re8+ Kh7 30. Rxd8 Rxd8 31. Re5 Bd5 32.
Kf2 c4 33. Re7 Rd6 34. Be5 Rg6 35. g3 Rg5 36. Bc3 Rf5+ 37. Ke2 Be6 38. Ra7
Rh5 39. h4 g5 40. Ra8 Kg6 41. hxg5 Rh2+ 42. Ke3 hxg5 43. Rxa6 Kf5 44. Ra5+
Kg6 1/2-1/2

[Event "22nd Open"]
[Site "Cappelle la Grande FRA"]
[Date "2006.02.22"]
[Round "6"]
[White "Bitalzadeh,A"]
[Black "Ninov,N"]
[Result "1-0"]
[WhiteElo "2270"]
[BlackElo "2513"]
[EventDate "2006.02.18"]

1. e4 c5 2. c3 d5 3. exd5 Qxd5 4. d4 Nf6 5. Nf3 e6 6. Be2 Be7 7. c4 Qc6 8.
Nc3 cxd4 9. Nxd4 Qxg2 10. Bf3 Qh3 11. Rg1 e5 12. Ndb5 O-O 13. Nc7 e4 14.
Rg3 Qxh2 15. Bf4 Kh8 16. Nxe4 Nxe4 17. Bxe4 Bb4+ 18. Ke2 Qh5+ 19. Kf1 Qh4
20. Qf3 Nc6 21. Bg5 Qh2 22. Bf6 Rg8 23. Ke2 Bd6 24. Rh1 Bxg3 25. Rxh2 Bxh2
26. Nxa8 gxf6 27. Qxf6+ Rg7 28. Bxc6 bxc6 29. Qxc6 Bg4+ 30. f3 Be6 31. Nc7
Rg2+ 32. Kd1 Bxc7 33. Qxc7 h5 34. c5 Kh7 35. Qf4 Rxb2 36. c6 Rxa2 37. c7
Ra1+ 38. Kd2 Ra2+ 39. Ke1 Ra1+ 40. Kf2 Ra2+ 41. Kg3 Re2 42. Qd6 a5 43. Qd3+
1-0

[Event "22nd Open"]
[Site "Cappelle la Grande FRA"]
[Date "2006.02.22"]
[Round "6"]
[White "Chetverik,M"]
[Black "Tseitlin,Ma"]
[Result "1-0"]
[WhiteElo "2303"]
[BlackElo "2475"]
[EventDate "2006.02.18"]

1. d4 g6 2. c4 Bg7 3. Nc3 Nf6 4. Nf3 O-O 5. g3 d6 6. Bg2 Nc6 7. O-O a6 8.
h3 Rb8 9. Be3 b5 10. Nd2 Bd7 11. Rc1 e5 12. dxe5 Nxe5 13. c5 d5 14. Bf4 Re8
15. Nb3 c6 16. Nd4 Nh5 17. Nxd5 Nxf4 18. Nxf4 Qc8 19. Kh2 h5 20. e3 Qc7 21.
h4 Rbd8 22. Qc2 Bf6 23. Kg1 Kg7 24. b3 Bg4 25. Nfe2 b4 26. Rcd1 Bd7 27. Rd2
Ng4 28. Nf4 Re5 29. Re2 a5 30. Rd1 Be7 31. Nd3 Bf5 32. Nxf5+ Rxf5 33. e4
Rxc5 34. Nxc5 Rxd1+ 35. Qxd1 Bxc5 36. e5 Nxe5 37. Qc2 Bd4 38. Qe4 Qd6 39.
Rd2 c5 40. Bf3 Qd7 41. Qxe5+ 1-0

[Event "22nd Open"]
[Site "Cappelle la Grande FRA"]
[Date "2006.02.22"]
[Round "6"]
[White "Yemelin,V"]
[Black "Vovk,Y"]
[Result "1/2-1/2"]
[WhiteElo "2523"]
[BlackElo "2414"]
[EventDate "2006.02.18"]

1. e4 c5 2. Nf3 e6 3. d4 cxd4 4. Nxd4 Nc6 5. Nc3 a6 6. Be2 Qc7 7. O-O Nf6
8. Kh1 b5 9. Nxc6 dxc6 10. f4 Bb4 11. Qd3 c5 12. e5 Bxc3 13. Qxc3 Nd5 14.
Qg3 O-O 15. c4 bxc4 16. Bxc4 Ne7 17. Be3 Bb7 18. Bf2 Nf5 19. Qh3 Rfd8 20.
Rfd1 Qc6 21. Bf1 Qe4 22. Qc3 Qxf4 23. Bxc5 h5 24. Kg1 h4 25. b4 Qg4 26.
Rxd8+ Rxd8 27. a4 Qf4 28. Re1 Qg5 29. Qc1 Qg4 30. h3 Qg6 31. Qf4 Rd5 32.
Bf2 Kh7 33. Kh2 Rd3 34. b5 axb5 35. axb5 Rb3 36. Bxh4 Rxb5 37. Bf2 Rb2 38.
Kg1 Rb3 39. Kh2 Bd5 40. Rd1 Qh6 1/2-1/2

[Event "22nd Open"]
[Site "Cappelle la Grande FRA"]
[Date "2006.02.22"]
[Round "6"]
[White "Skatchkov,P"]
[Black "Ionov,S"]
[Result "0-1"]
[WhiteElo "2454"]
[BlackElo "2527"]
[EventDate "2006.02.18"]

1. d4 Nf6 2. Nf3 e6 3. c4 b6 4. g3 Ba6 5. Qa4 Bb7 6. Bg2 c5 7. dxc5 bxc5 8.
O-O Be7 9. Nc3 O-O 10. Rd1 d6 11. Bf4 Qb6 12. Rd2 Nc6 13. Rad1 Nd4 14. Ne1
Bxg2 15. Kxg2 Qb7+ 16. Kg1 h6 17. Nc2 Rad8 18. b3 a6 19. Qa5 Nc6 20. Qa4
Nd4 21. Be3 Nf5 22. f3 d5 23. cxd5 exd5 24. Nxd5 Nxd5 25. Qe4 Nd4 26. Nxd4
cxd4 27. Bxd4 Bb4 28. Rd3 Rfe8 29. Qg4 Bf8 30. e4 Nb4 31. R3d2 Rxd4 32.
Rxd4 Bc5 33. Kg2 Bxd4 34. Rxd4 Nxa2 35. Rd6 g6 36. Qf4 h5 37. h4 Nc3 38.
Qf6 Qxb3 39. Rxa6 Qc2+ 40. Kh3 Qd1 0-1

[Event "22nd Open"]
[Site "Cappelle la Grande FRA"]
[Date "2006.02.22"]
[Round "6"]
[White "Marholev,D"]
[Black "Danielian,O"]
[Result "1-0"]
[WhiteElo "2427"]
[BlackElo "2518"]
[EventDate "2006.02.18"]

1. c4 e5 2. g3 Nc6 3. Bg2 g6 4. Nc3 Bg7 5. d3 d6 6. Rb1 Bg4 7. h3 Bd7 8. e3
Nge7 9. Nge2 h5 10. b4 Qc8 11. b5 Nd8 12. a4 h4 13. g4 f5 14. gxf5 Bxf5 15.
a5 a6 16. b6 c6 17. e4 Be6 18. Ba3 Nf7 19. Rc1 c5 20. Nd5 Nxd5 21. cxd5 Bd7
22. f4 O-O 23. Qb3 Bh6 24. d4 exf4 25. Bf3 Qe8 26. dxc5 Ba4 27. Qb1 Ne5 28.
Nd4 Bb5 29. Rc3 Bd7 30. cxd6 Bg7 31. Rc7 Nf7 32. Ne6 Bxe6 33. dxe6 Qxe6 34.
Bg4 Qe5 35. O-O f3 36. Kh1 Ng5 37. Qa2+ Kh8 38. Rxg7 Nxe4 39. Re7 Ng3+ 40.
Kg1 Qd4+ 1-0

[Event "22nd Open"]
[Site "Cappelle la Grande FRA"]
[Date "2006.02.22"]
[Round "6"]
[White "Narciso Dublan,M"]
[Black "Sebag,M"]
[Result "1/2-1/2"]
[WhiteElo "2525"]
[BlackElo "2415"]
[EventDate "2006.02.18"]

1. c4 Nf6 2. Nc3 e5 3. Nf3 Nc6 4. d3 g6 5. Bg5 h6 6. Bxf6 Qxf6 7. g3 Bg7 8.
Bg2 O-O 9. O-O d6 10. Nd2 Qd8 11. Rb1 a5 12. c5 Be6 13. cxd6 cxd6 14. Bd5
Bh3 15. Re1 Rb8 16. Rc1 Ne7 17. Bg2 Bxg2 18. Kxg2 b5 19. b3 d5 20. a4 b4
21. Nb5 d4 22. e4 dxe3 23. Rxe3 Nf5 24. Re1 Nd4 25. Nxd4 Qxd4 26. Nc4 Rbd8
27. Qf3 Qd5 28. Re3 Qxf3+ 29. Kxf3 Rd5 30. Rce1 Rfd8 31. Nxe5 Bxe5 32. Rxe5
Rxe5 33. Rxe5 Rxd3+ 34. Kg2 Rxb3 35. Rxa5 Ra3 36. Ra8+ Kg7 37. a5 b3 38.
Rb8 Rxa5 39. Rxb3 1/2-1/2

[Event "22nd Open"]
[Site "Cappelle la Grande FRA"]
[Date "2006.02.22"]
[Round "6"]
[White "Mazzilli,P"]
[Black "Rozentalis,E"]
[Result "0-1"]
[WhiteElo "2332"]
[BlackElo "2582"]
[EventDate "2006.02.18"]

1. d4 Nf6 2. c4 e6 3. Nc3 Bb4 4. Qc2 O-O 5. a3 Bxc3+ 6. Qxc3 d6 7. Nf3 Nbd7
8. g3 b6 9. Bg2 Bb7 10. O-O Qe7 11. b4 Ne4 12. Qc2 f5 13. Ng5 Ndf6 14. Nxe4
Bxe4 15. Bxe4 Nxe4 16. f3 Nf6 17. Bg5 h6 18. Bxf6 Qxf6 19. Qd2 Rae8 20. e4
e5 21. d5 Rf7 22. exf5 Qxf5 23. Rae1 Ref8 24. Kg2 Qg6 25. Re2 Rf4 26. Qc2
Qxc2 27. Rxc2 Rd4 28. Rc3 g5 29. Rf2 h5 30. Ra2 Kg7 31. a4 Kg6 32. a5 g4
33. fxg4 hxg4 34. axb6 axb6 35. h3 gxh3+ 36. Kxh3 Kg5 37. Ra7 Rd2 38. g4
Rh8+ 39. Kg3 Rdh2 0-1

[Event "22nd Open"]
[Site "Cappelle la Grande FRA"]
[Date "2006.02.22"]
[Round "6"]
[White "Starostits,I"]
[Black "Munschi,S"]
[Result "1/2-1/2"]
[WhiteElo "2493"]
[BlackElo "2310"]
[EventDate "2006.02.18"]

1. e4 c5 2. Nf3 Nc6 3. d4 cxd4 4. Nxd4 Nf6 5. Nc3 d6 6. Bc4 Bd7 7. Bb3 g6
8. f3 Nxd4 9. Qxd4 Bg7 10. Bg5 O-O 11. Qd2 b5 12. O-O-O Bc6 13. h4 a5 14.
h5 a4 15. Bd5 b4 16. Bxf6 exf6 17. hxg6 hxg6 18. Ne2 Bxd5 19. Qxd5 a3 20.
b3 Qb6 21. Nf4 Rac8 22. Qxd6 Rc6 23. Qd3 Rfc8 24. Rd2 Qc7 25. Nd5 Qe5 26.
c4 bxc3 27. Rc2 f5 28. Kb1 fxe4 29. fxe4 Re6 30. Rhc1 Qxe4 31. Qxe4 Rxe4
32. Nxc3 Bxc3 33. Rxc3 Rxc3 34. Rxc3 Re1+ 35. Rc1 Re2 36. Rc2 Re1+ 1/2-1/2